000 00665nam a2200241Ia 4500
003 OSt
005 20220912144844.0
006 a|||||r|||| 00| 0
007 ta
008 220909b |||||||| |||| 00| 0 eng d
024 _a68400
037 _cTextual
040 _aCSL
_beng
_cCSL
041 _aeng
082 _aD65,8(B)z7, L51
100 _aBrooks Frederick P
245 0 _aMythical man-month: Essays on software engineering
260 _aMassachusetts
_bAddison Wesley
_c1975
300 _a193p. ill.
_ccm.
650 _aComputer science
942 _hD65,8(B)z7, L51
_cTEXL
_2CC
999 _c17396
_d17396